000
00309nam a2200121Ia 4500
008
220204s9999 xx 000 0 und d
082
_a
342.72/.73
_b
GRA
100
_a
GRANT, Lawrence
245
0
_a
Civil liberty: The NCCL guide to your rights
250
_a
3
260
_a
England
_b
Penguin
_c
1972
942
_c
BK
999
_c
28070
_d
28070